000 00845nam a2200265Ia 4500
003 OSt
005 20220927104329.0
006 a|||||r|||| 00| 0
007 ta
008 220926b |||||||| |||| 00| 0 eng d
024 _a114523
037 _cReference Collections
040 _aRTL
_cRTL
_beng
041 _2eng
_aeng
082 _a"Y73.2.N9, N6/RR"
100 _aGanchaudhuri Jagadish Ed.
_9365057
245 0 _aTripura. Ed by K S Singh
260 _aCalcutta
_bSeagull Broke
_c1996
300 _a"xix,553p"
_ccm.
490 _a"People of India, State Series, V41. Anthropological Survey of India, Publication"
500 _a"Bibliography: p 508-11, 532-39"
650 _aEthnology
942 _h"Y73.2.N9, N6/RR"
_cCC
999 _c686753
_d686753